[Event "XXII. DBMM Schach"]
[Site "Dresden"]
[Date "2024.01.21"]
[Round "7.1"]
[Board "1"]
[White "Hammes, Frank"]
[Black "Scholz, Philipp"]
[Result "0-1"]
[WhiteElo "2120"]
[BlackElo "1969"]
[Annotator "fb"]
[PlyCount "92"]
[GameId "489223834098"]
[EventDate "2024.01.18"]
[EventType "team-swiss"]
[EventRounds "7"]
[EventCountry "GER"]
[Tiebreak "Buchholz"]
[SourceTitle "XXII. DBMM Schach"]
[Source "FV Schach e.V."]
[SourceDate "2024.01.21"]
[SourceVersion "1"]
[SourceVersionDate "2024.01.21"]
[SourceQuality "1"]
[WhiteTeam "EFS Filtertechnik Erkrath"]
[BlackTeam "BSG Commerzbank Frankfurt II"]
[WhiteTeamCountry "GER"]
[BlackTeamCountry "GER"]

1. Nf3 d5 2. d4 Nf6 3. c4 e6 4. g3 dxc4 5. Bg2 c5 6. Nc3 Nc6 7. dxc5 Qxd1+ 8. Nxd1 Bxc5 9. O-O O-O 10. Be3 Bxe3 11. Nxe3 c3 12. bxc3 Rb8 13. Rfd1 b5 14. Rac1 a5 15. Rd6 Bb7 16. Rb1 Ne4 17. Rd3 Ba8 18. Nc2 Rfc8 19. Ncd4 Na7 20. Rc1 Bd5 21. Ne5 f6 22. Ng4 f5 23. Ne3 Bxa2 24. Bxe4 fxe4 25. Rd2 Bd5 26. Ra1 a4 27. c4 Bxc4 28. Nxc4 Rxc4 29. Nxe6 Kf7 30. Nxg7 Kxg7 31. Rd7+ Kg6 32. Rxa7 Rb6 33. Rd1 h6 34. Rdd7 Kf5 35. e3 Ke5 36. Kg2 Rd6 37. Rdb7 Rc5 38. g4 Kd5 39. Re7 Rc4 40. Kg3 Kc5 41. h4 Kb4 42. Re5 Rb6 43. g5 hxg5 44. hxg5 a3 45. Kf4 Kb3 46. Re8 Ra4 0-1

[Event "XXII. DBMM Schach"]
[Site "Dresden"]
[Date "2024.01.21"]
[Round "7.2"]
[Board "2"]
[White "Huebner, Detlef"]
[Black "Luger, Jens"]
[Result "1/2-1/2"]
[WhiteElo "1551"]
[BlackElo "1927"]
[Annotator "br"]
[PlyCount "45"]
[GameId "489223834099"]
[EventDate "2024.01.18"]
[EventType "team-swiss"]
[EventRounds "7"]
[EventCountry "GER"]
[Tiebreak "Buchholz"]
[SourceTitle "XXII. DBMM Schach"]
[Source "FV Schach e.V."]
[SourceDate "2024.01.21"]
[SourceVersion "1"]
[SourceVersionDate "2024.01.21"]
[SourceQuality "1"]
[WhiteTeam "BSG Commerzbank Frankfurt II"]
[BlackTeam "EFS Filtertechnik Erkrath"]
[WhiteTeamCountry "GER"]
[BlackTeamCountry "GER"]

1. c4 Nf6 2. d4 g6 3. Nc3 Bg7 4. e4 d6 5. Nge2 O-O 6. g3 c6 7. Bg2 e5 8. O-O a6 9. d5 cxd5 10. cxd5 b5 11. b3 Nbd7 12. Be3 Ng4 13. Qd2 Nxe3 14. Qxe3 f5 15. Rac1 Nf6 16. h3 Nh5 17. f4 Bd7 18. Kh2 b4 19. Nb1 Bb5 20. exf5 exf4 21. Nxf4 Nxf4 22. Rxf4 Be5 23. Rf2 1/2-1/2

[Event "XXII. DBMM Schach"]
[Site "Dresden"]
[Date "2024.01.21"]
[Round "7.3"]
[Board "3"]
[White "Kehr, Joachim"]
[Black "Vossen, Dieter"]
[Result "1/2-1/2"]
[WhiteElo "1912"]
[BlackElo "1758"]
[Annotator "fb"]
[PlyCount "102"]
[GameId "489223834100"]
[EventDate "2024.01.18"]
[EventType "team-swiss"]
[EventRounds "7"]
[EventCountry "GER"]
[Tiebreak "Buchholz"]
[SourceTitle "XXII. DBMM Schach"]
[Source "FV Schach e.V."]
[SourceDate "2024.01.21"]
[SourceVersion "1"]
[SourceVersionDate "2024.01.21"]
[SourceQuality "1"]
[WhiteTeam "EFS Filtertechnik Erkrath"]
[BlackTeam "BSG Commerzbank Frankfurt II"]
[WhiteTeamCountry "GER"]
[BlackTeamCountry "GER"]

1. e4 d5 2. exd5 Qxd5 3. Nf3 Bg4 4. Be2 Bxf3 5. Bxf3 Qe5+ 6. Kf1 Nd7 7. d4 Qa5 8. c3 O-O-O 9. Qb3 Qa6+ 10. Be2 Qg6 11. Bf4 Nb6 12. a4 a5 13. Na3 Nf6 14. Nc4 Nfd5 15. Nxb6+ Qxb6 16. Qxb6 Nxb6 17. g3 e6 18. Kg2 Bd6 19. Bxd6 Rxd6 20. Rhd1 Rhd8 21. f4 Nd5 22. Kf2 f6 23. Bf3 Nb6 24. Be2 h5 25. h4 g6 26. Bd3 f5 27. Bc2 Nd7 28. Re1 Rb6 29. Rab1 c5 30. dxc5 Nxc5 31. b4 axb4 32. cxb4 Nd3+ 33. Bxd3 Rxd3 34. b5 Rbd6 35. a5 Ra3 36. Rec1+ Kb8 37. a6 Ra2+ 38. Ke3 Ra3+ 39. Kf2 Rd2+ 40. Ke1 Rd7 41. Ra1 Rxa1 42. Rxa1 Rd5 43. axb7 Rxb5 44. Ra6 Kxb7 45. Rxe6 Rb3 46. Re2 Kc7 47. Kf2 Kd6 48. Rc2 Kd5 49. Ra2 Ke4 50. Ra4+ Kd3 51. Ra8 Ke4 1/2-1/2

[Event "XXII. DBMM Schach"]
[Site "Dresden"]
[Date "2024.01.21"]
[Round "7.4"]
[Board "4"]
[White "Knobloch, Sarah Astrid"]
[Black "De Leroy, Babs"]
[Result "1-0"]
[WhiteElo "1200"]
[BlackElo "1722"]
[Annotator "br"]
[PlyCount "108"]
[GameId "489223834101"]
[EventDate "2024.01.18"]
[EventType "team-swiss"]
[EventRounds "7"]
[EventCountry "GER"]
[Tiebreak "Buchholz"]
[SourceTitle "XXII. DBMM Schach"]
[Source "FV Schach e.V."]
[SourceDate "2024.01.21"]
[SourceVersion "1"]
[SourceVersionDate "2024.01.21"]
[SourceQuality "1"]
[WhiteTeam "BSG Commerzbank Frankfurt II"]
[BlackTeam "EFS Filtertechnik Erkrath"]
[WhiteTeamCountry "GER"]
[BlackTeamCountry "GER"]

1. d4 e6 2. Bf4 d5 3. Nf3 c6 4. e3 Qb6 5. Qc1 Nf6 6. Nbd2 Nbd7 7. Bd3 Be7 8. c3 h6 9. h3 c5 10. O-O Nh5 11. Bh2 O-O 12. c4 cxd4 13. Nxd4 Bc5 14. Nc2 Bd6 15. cxd5 Bxh2+ 16. Kxh2 exd5 17. Nd4 Nc5 18. Be2 Nf6 19. N4b3 Nce4 20. Qe1 Bd7 21. Nxe4 dxe4 22. Qd2 Rfd8 23. Qa5 Qxa5 24. Nxa5 Bf5 25. b3 Rd2 26. Bd1 Rd7 27. Nc4 Rc8 28. Be2 b5 29. Na3 a6 30. Rac1 Rxc1 31. Rxc1 Nd5 32. Bg4 Bxg4 33. hxg4 Nb4 34. Rc8+ Kh7 35. Nc2 Nxa2 36. Ra8 Rd2 37. Nd4 Nb4 38. Kg3 Ra2 39. Ra7 Kg6 40. f4 Nd5 41. f5+ Kf6 42. Rd7 Nxe3 43. Kf4 Nxg2+ 44. Kxe4 b4 45. Rd6+ Ke7 46. Kd5 Ne3+ 47. Kc5 Ra5+ 48. Kc6 Nxg4 49. Kc7 Rc5+ 50. Nc6+ Rxc6+ 51. Kxc6 Ne5+ 52. Kd5 f6 53. Rxa6 h5 54. Ra7+ Nd7 1-0

[Event "XXII. DBMM Schach"]
[Site "Dresden"]
[Date "2024.01.21"]
[Round "7.2"]
[Board "2"]
[White "Boettger, Bernd"]
[Black "Stamatow, Christian"]
[Result "1/2-1/2"]
[WhiteElo "1583"]
[BlackElo "1843"]
[Annotator "br"]
[PlyCount "37"]
[GameId "489223834103"]
[EventDate "2024.01.18"]
[EventType "team-swiss"]
[EventRounds "7"]
[EventCountry "GER"]
[Tiebreak "Buchholz"]
[SourceTitle "XXII. DBMM Schach"]
[Source "FV Schach e.V."]
[SourceDate "2024.01.21"]
[SourceVersion "1"]
[SourceVersionDate "2024.01.21"]
[SourceQuality "1"]
[WhiteTeam "Berliner Volksbank"]
[BlackTeam "Gardez Robe Berlin II"]
[WhiteTeamCountry "GER"]
[BlackTeamCountry "GER"]

1. d4 Nf6 2. Nf3 g6 3. e3 Bg7 4. Bd3 O-O 5. O-O d6 6. Nbd2 a6 7. c3 b5 8. e4 Nbd7 9. Re1 e5 10. Bc2 c5 11. dxc5 dxc5 12. Nf1 Qc7 13. Bg5 Bb7 14. Qc1 c4 15. Bh6 Nc5 16. Bxg7 Kxg7 17. Ng3 Rad8 18. Nf5+ Kh8 19. Qh6 1/2-1/2

[Event "XXII. DBMM Schach"]
[Site "Dresden"]
[Date "2024.01.21"]
[Round "7.3"]
[Board "3"]
[White "Wittkowski, Ralf"]
[Black "Von Schoening, Ulrich"]
[Result "1-0"]
[WhiteElo "1780"]
[BlackElo "1550"]
[Annotator "br"]
[PlyCount "45"]
[GameId "489223834104"]
[EventDate "2024.01.18"]
[EventType "team-swiss"]
[EventRounds "7"]
[EventCountry "GER"]
[Tiebreak "Buchholz"]
[SourceTitle "XXII. DBMM Schach"]
[Source "FV Schach e.V."]
[SourceDate "2024.01.21"]
[SourceVersion "1"]
[SourceVersionDate "2024.01.21"]
[SourceQuality "1"]
[WhiteTeam "Gardez Robe Berlin II"]
[BlackTeam "Berliner Volksbank"]
[WhiteTeamCountry "GER"]
[BlackTeamCountry "GER"]

1. e4 e5 2. Bc4 Nf6 3. d4 Qe7 4. Nf3 d6 5. h3 Nc6 6. Ng5 exd4 7. Bxf7+ Kd8 8. Bb3 Nxe4 9. Nf7+ Ke8 10. O-O Qh4 11. Qe1 Ne5 12. Nxh8 Bxh3 13. f4 Qxe1 14. Rxe1 Bf5 15. fxe5 dxe5 16. Bd5 Bc5 17. Bxe4 Bxe4 18. Rxe4 d3+ 19. Be3 Bd4 20. Bxd4 dxc2 21. Na3 Kd7 22. Bxe5 Rxh8 23. Nxc2 1-0

[Event "XXII. DBMM Schach"]
[Site "Dresden"]
[Date "2024.01.21"]
[Round "7.4"]
[Board "4"]
[White "Barnes, David"]
[Black "Lengowski, Joerg Uwe"]
[Result "1-0"]
[WhiteElo "1377"]
[BlackElo "1508"]
[Annotator "br"]
[PlyCount "41"]
[GameId "489223834105"]
[EventDate "2024.01.18"]
[EventType "team-swiss"]
[EventRounds "7"]
[EventCountry "GER"]
[Tiebreak "Buchholz"]
[SourceTitle "XXII. DBMM Schach"]
[Source "FV Schach e.V."]
[SourceDate "2024.01.21"]
[SourceVersion "1"]
[SourceVersionDate "2024.01.21"]
[SourceQuality "1"]
[WhiteTeam "Berliner Volksbank"]
[BlackTeam "Gardez Robe Berlin II"]
[WhiteTeamCountry "GER"]
[BlackTeamCountry "GER"]

1. d4 d5 2. Nc3 Nf6 3. Bg5 e6 4. e4 Be7 5. e5 Nfd7 6. h4 Bxg5 7. hxg5 Qxg5 8. Nh3 Qe7 9. Bd3 h6 10. Qg4 g6 11. O-O-O c5 12. Nb5 Kd8 13. c3 c4 14. Bc2 a6 15. Nd6 Rf8 16. Nf4 Qg5 17. Qxg5+ hxg5 18. Nh3 g4 19. Ng5 Kc7 20. Rh7 f6 21. Nxe6+ 1-0

[Event "XXII. DBMM Schach"]
[Site "Dresden"]
[Date "2024.01.21"]
[Round "7.1"]
[Board "1"]
[White "Raum, Norbert"]
[Black "Warnest, Stefan"]
[Result "1-0"]
[WhiteElo "1842"]
[BlackElo "1569"]
[Annotator "br"]
[PlyCount "59"]
[GameId "489223834109"]
[EventDate "2024.01.18"]
[EventType "team-swiss"]
[EventRounds "7"]
[EventCountry "GER"]
[Tiebreak "Buchholz"]
[SourceTitle "XXII. DBMM Schach"]
[Source "FV Schach e.V."]
[SourceDate "2024.01.21"]
[SourceVersion "1"]
[SourceVersionDate "2024.01.21"]
[SourceQuality "1"]
[WhiteTeam "BA Nord/Baubehoerde Hamburg II"]
[BlackTeam "BA Tempelhof Berlin IV"]
[WhiteTeamCountry "GER"]
[BlackTeamCountry "GER"]

1. Nf3 Nf6 2. g3 g6 3. c4 Bg7 4. Bg2 O-O 5. O-O c5 6. Nc3 Nc6 7. d3 d5 8. cxd5 Nxd5 9. Bd2 Nxc3 10. Bxc3 Bxc3 11. bxc3 b6 12. Ne5 Nxe5 13. Bxa8 Bh3 14. Bg2 Bxg2 15. Kxg2 Qa8+ 16. f3 Ng4 17. Qd2 h5 18. h3 Nf6 19. c4 Qc6 20. a4 a6 21. Rfb1 Nd7 22. Qe3 e5 23. a5 Rb8 24. axb6 Rxb6 25. Rxb6 Qxb6 26. Qc1 Kg7 27. Ra2 f6 28. Qa1 Nb8 29. Rb2 Qa7 30. Qb1 1-0

[Event "XXII. DBMM Schach"]
[Site "Dresden"]
[Date "2024.01.21"]
[Round "7.2"]
[Board "2"]
[White "Wolf, Wilfried"]
[Black "Kaliski, Achim"]
[Result "0-1"]
[WhiteElo "1695"]
[BlackElo "1950"]
[Annotator "br"]
[PlyCount "116"]
[GameId "489223834110"]
[EventDate "2024.01.18"]
[EventType "team-swiss"]
[EventRounds "7"]
[EventCountry "GER"]
[Tiebreak "Buchholz"]
[SourceTitle "XXII. DBMM Schach"]
[Source "FV Schach e.V."]
[SourceDate "2024.01.21"]
[SourceVersion "1"]
[SourceVersionDate "2024.01.21"]
[SourceQuality "1"]
[WhiteTeam "BA Tempelhof Berlin IV"]
[BlackTeam "BA Nord/Baubehoerde Hamburg II"]
[WhiteTeamCountry "GER"]
[BlackTeamCountry "GER"]

1. e4 e5 2. Nf3 Nf6 3. d3 Nc6 4. Nc3 Be7 5. Be2 d6 6. O-O O-O 7. Bg5 h6 8. Bxf6 Bxf6 9. Nd5 Be7 10. Nxe7+ Qxe7 11. Nd2 f5 12. exf5 Bxf5 13. Nb3 Be6 14. c3 Qf7 15. Bf3 Bd5 16. Bxd5 Qxd5 17. Qe2 a5 18. Qe4 Qe6 19. Nd2 Rf4 20. Qe2 Qg6 21. f3 Raf8 22. Kh1 h5 23. Rf2 h4 24. Rg1 R4f7 25. Qe4 Qf5 26. Qxf5 Rxf5 27. Rgf1 Nd8 28. Nc4 a4 29. Ne3 R5f7 30. Nd5 Ne6 31. Kg1 Nf4 32. Nb4 c6 33. Rd1 Ne6 34. Nc2 h3 35. Ne1 hxg2 36. Rxg2 Nf4 37. Rgd2 Rf6 38. Kf2 d5 39. Kf1 Nh3 40. Rg2 e4 41. dxe4 dxe4 42. Rd7 R8f7 43. Rxf7 Kxf7 44. Rg3 Nf4 45. Kf2 Rh6 46. fxe4 Rxh2+ 47. Ng2 Nxg2 48. Rxg2 Rxg2+ 49. Kxg2 Kf6 50. Kf3 Ke5 51. b3 axb3 52. axb3 c5 53. b4 c4 54. b5 b6 55. Ke3 g6 56. Kf3 g5 57. Kg4 Kxe4 58. Kxg5 Kd3 0-1

[Event "XXII. DBMM Schach"]
[Site "Dresden"]
[Date "2024.01.21"]
[Round "7.3"]
[Board "3"]
[White "Lindemann, Thomas"]
[Black "Frahm, Werner"]
[Result "0-1"]
[WhiteElo "1537"]
[BlackElo "1535"]
[Annotator "br"]
[PlyCount "38"]
[GameId "489223834111"]
[EventDate "2024.01.18"]
[EventType "team-swiss"]
[EventRounds "7"]
[EventCountry "GER"]
[Tiebreak "Buchholz"]
[SourceTitle "XXII. DBMM Schach"]
[Source "FV Schach e.V."]
[SourceDate "2024.01.21"]
[SourceVersion "1"]
[SourceVersionDate "2024.01.21"]
[SourceQuality "1"]
[WhiteTeam "BA Nord/Baubehoerde Hamburg II"]
[BlackTeam "BA Tempelhof Berlin IV"]
[WhiteTeamCountry "GER"]
[BlackTeamCountry "GER"]

1. c4 Nf6 2. d4 d5 3. b3 e6 4. Bd2 Nc6 5. e3 Ne4 6. a3 Nxd2 7. Nxd2 Ne7 8. Ngf3 Ng6 9. Bd3 c6 10. c5 Be7 11. Qc2 Bf6 12. b4 O-O 13. O-O-O a5 14. Nb3 axb4 15. axb4 b6 16. Kd2 e5 17. Bxg6 fxg6 18. Nxe5 Bxe5 19. dxe5 Rf7 0-1

[Event "XXII. DBMM Schach"]
[Site "Dresden"]
[Date "2024.01.21"]
[Round "7.4"]
[Board "4"]
[White "Meseck, Michael"]
[Black "Mahler, Sonja"]
[Result "1-0"]
[WhiteElo "1487"]
[BlackElo "1428"]
[Annotator "br"]
[PlyCount "113"]
[GameId "489223834112"]
[EventDate "2024.01.18"]
[EventType "team-swiss"]
[EventRounds "7"]
[EventCountry "GER"]
[Tiebreak "Buchholz"]
[SourceTitle "XXII. DBMM Schach"]
[Source "FV Schach e.V."]
[SourceDate "2024.01.21"]
[SourceVersion "1"]
[SourceVersionDate "2024.01.21"]
[SourceQuality "1"]
[WhiteTeam "BA Tempelhof Berlin IV"]
[BlackTeam "BA Nord/Baubehoerde Hamburg II"]
[WhiteTeamCountry "GER"]
[BlackTeamCountry "GER"]

1. d4 d5 2. c4 c6 3. Nc3 e6 4. e3 Nf6 5. a3 Nbd7 6. c5 e5 7. Nge2 exd4 8. Qxd4 Bxc5 9. Qd1 Ne5 10. Ng3 h5 11. Qc2 h4 12. Nf5 Kf8 13. b4 Bb6 14. Bb2 Rh5 15. Nd4 Bxd4 16. exd4 Bf5 17. Qd2 Ned7 18. O-O-O a5 19. b5 c5 20. Bd3 Be6 21. Bc2 Rc8 22. Ne2 cxd4 23. Nxd4 Nc5 24. f3 Bf5 25. Bc3 Bxc2 26. Qxc2 Nfd7 27. Kb1 Ne5 28. Ba1 Nc4 29. Bb2 Ne3 30. Qe2 Re5 31. Rhe1 Nc4 32. Qf2 Rxe1 33. Rxe1 Nxb2 34. Qxb2 Nd3 35. Qd2 Nxe1 36. Qxe1 Qf6 37. Qd2 Qg6+ 38. Ka1 Qf6 39. Kb1 Qb6 40. Qf4 Qg6+ 41. Qf5 Rc5 42. Qxg6 Rxb5+ 43. Nxb5 fxg6 44. Kc2 Ke7 45. Kd3 Ke6 46. Kd4 b6 47. Nc7+ Kd6 48. Nxd5 Kc6 49. Nc3 b5 50. h3 Kb6 51. Nd5+ Kc6 52. Ne7+ Kb6 53. Nxg6 b4 54. a4 b3 55. Kc3 b2 56. Kxb2 Kc5 57. Kc3 1-0

[Event "XXII. DBMM Schach"]
[Site "Dresden"]
[Date "2024.01.21"]
[Round "7.1"]
[Board "1"]
[White "Guder, Sibylle"]
[Black "Ogrodnik, Emil"]
[Result "1-0"]
[WhiteElo "1822"]
[BlackElo "1500"]
[Annotator "br"]
[PlyCount "61"]
[GameId "489223834113"]
[EventDate "2024.01.18"]
[EventType "team-swiss"]
[EventRounds "7"]
[EventCountry "GER"]
[Tiebreak "Buchholz"]
[SourceTitle "XXII. DBMM Schach"]
[Source "FV Schach e.V."]
[SourceDate "2024.01.21"]
[SourceVersion "1"]
[SourceVersionDate "2024.01.21"]
[SourceQuality "1"]
[WhiteTeam "BA Tempelhof Berlin III"]
[BlackTeam "d-fine Frankfurt III"]
[WhiteTeamCountry "GER"]
[BlackTeamCountry "GER"]

1. c4 e5 2. g3 Nf6 3. Bg2 d6 4. Nc3 Nc6 5. d3 Be7 6. e4 Nd4 7. Nge2 Bg4 8. O-O Qc8 9. f3 Nxe2+ 10. Qxe2 Be6 11. Be3 a6 12. Nd5 Nd7 13. f4 f6 14. d4 c6 15. Nxe7 Kxe7 16. fxe5 dxe5 17. d5 cxd5 18. cxd5 Bf7 19. Rac1 Qb8 20. Bh3 Rd8 21. Rc3 b6 22. Rfc1 Ra7 23. Rc6 Be8 24. Qc2 Kf7 25. Be6+ Kf8 26. Qc3 Bf7 27. Bh3 Kg8 28. Rc8 Rxc8 29. Qxc8+ Qxc8 30. Rxc8+ Nf8 31. Bxb6 1-0

[Event "XXII. DBMM Schach"]
[Site "Dresden"]
[Date "2024.01.21"]
[Round "7.2"]
[Board "2"]
[White "Moser, Johannes"]
[Black "Schmidt, Joerg"]
[Result "1/2-1/2"]
[WhiteElo "1300"]
[BlackElo "1992"]
[Annotator "br"]
[PlyCount "89"]
[GameId "489223834114"]
[EventDate "2024.01.18"]
[EventType "team-swiss"]
[EventRounds "7"]
[EventCountry "GER"]
[Tiebreak "Buchholz"]
[SourceTitle "XXII. DBMM Schach"]
[Source "FV Schach e.V."]
[SourceDate "2024.01.21"]
[SourceVersion "1"]
[SourceVersionDate "2024.01.21"]
[SourceQuality "1"]
[WhiteTeam "d-fine Frankfurt III"]
[BlackTeam "BA Tempelhof Berlin III"]
[WhiteTeamCountry "GER"]
[BlackTeamCountry "GER"]

1. d4 Nf6 2. c4 g6 3. Nf3 Bg7 4. Nc3 d6 5. e4 O-O 6. Be2 Nbd7 7. O-O e5 8. d5 Nc5 9. Qc2 Bg4 10. b4 Ncd7 11. h3 Bxf3 12. Bxf3 a6 13. Be3 Rc8 14. a4 c6 15. Qb3 cxd5 16. cxd5 Qc7 17. Rac1 Qb8 18. Rc2 b5 19. a5 Rc7 20. Rfc1 Rfc8 21. Be2 h5 22. f3 Kh7 23. Kh1 h4 24. Nd1 Nh5 25. Bf2 Nf4 26. Rxc7 Rxc7 27. Rxc7 Qxc7 28. Qb2 Nxe2 29. Qxe2 g5 30. Ne3 Nf6 31. Nf5 Nh5 32. g3 hxg3 33. Bxg3 Nxg3+ 34. Nxg3 Qc3 35. Nf5 Qxb4 36. f4 g4 37. hxg4 exf4 38. Qh2+ Kg8 39. Qxf4 Qb1+ 40. Kg2 Qb2+ 41. Kf1 Qe5 42. Qg5 Qa1+ 43. Ke2 Qb2+ 44. Kd1 Qb1+ 45. Kd2 1/2-1/2

[Event "XXII. DBMM Schach"]
[Site "Dresden"]
[Date "2024.01.21"]
[Round "7.3"]
[Board "3"]
[White "Glienke, Michael"]
[Black "Wollscheid, Nikolaus"]
[Result "1-0"]
[WhiteElo "1809"]
[BlackElo "1200"]
[Annotator "br"]
[PlyCount "55"]
[GameId "489223834115"]
[EventDate "2024.01.18"]
[EventType "team-swiss"]
[EventRounds "7"]
[EventCountry "GER"]
[Tiebreak "Buchholz"]
[SourceTitle "XXII. DBMM Schach"]
[Source "FV Schach e.V."]
[SourceDate "2024.01.21"]
[SourceVersion "1"]
[SourceVersionDate "2024.01.21"]
[SourceQuality "1"]
[WhiteTeam "BA Tempelhof Berlin III"]
[BlackTeam "d-fine Frankfurt III"]
[WhiteTeamCountry "GER"]
[BlackTeamCountry "GER"]

1. d4 d5 2. Bf4 Nf6 3. e3 Nc6 4. c4 e6 5. Nc3 Bb4 6. Nf3 Ne4 7. Rc1 O-O 8. Be2 Re8 9. O-O Bd6 10. cxd5 Nxc3 11. Rxc3 exd5 12. Bg5 Bxh2+ 13. Kxh2 Qd6+ 14. Bf4 Qf6 15. Rh1 Bg4 16. Kg1 h6 17. Qb3 Nxd4 18. Nxd4 Bxe2 19. Nxe2 d4 20. Rxc7 Rad8 21. Rh3 d3 22. Nc3 g5 23. Rf3 g4 24. Bg5 d2 25. Rxf6 d1=Q+ 26. Nxd1 Rxd1+ 27. Qxd1 hxg5 28. Rfxf7 1-0

[Event "XXII. DBMM Schach"]
[Site "Dresden"]
[Date "2024.01.21"]
[Round "7.4"]
[Board "4"]
[White "Biederbeck, Noah"]
[Black "Schneider, Eckehard"]
[Result "0-1"]
[WhiteElo "1000"]
[BlackElo "1797"]
[Annotator "br"]
[PlyCount "100"]
[GameId "489223834116"]
[EventDate "2024.01.18"]
[EventType "team-swiss"]
[EventRounds "7"]
[EventCountry "GER"]
[Tiebreak "Buchholz"]
[SourceTitle "XXII. DBMM Schach"]
[Source "FV Schach e.V."]
[SourceDate "2024.01.21"]
[SourceVersion "1"]
[SourceVersionDate "2024.01.21"]
[SourceQuality "1"]
[WhiteTeam "d-fine Frankfurt III"]
[BlackTeam "BA Tempelhof Berlin III"]
[WhiteTeamCountry "GER"]
[BlackTeamCountry "GER"]

1. d4 Nf6 2. Bf4 d5 3. e3 e6 4. Nf3 Bd6 5. Bd3 Bxf4 6. exf4 c5 7. c3 cxd4 8. cxd4 Qb6 9. Qc2 Nc6 10. a3 Nxd4 11. Qa4+ Nc6 12. b4 Bd7 13. Bb5 O-O 14. O-O a6 15. Bxc6 Bxc6 16. Qb3 Rac8 17. Qe3 Qxe3 18. fxe3 Bb5 19. Re1 Ne4 20. Nbd2 Nxd2 21. Nxd2 Rc2 22. Nf3 Rfc8 23. Nd4 R2c3 24. Nxb5 axb5 25. g4 h6 26. h4 R8c4 27. Kf2 e5 28. Rad1 exf4 29. Rxd5 fxe3+ 30. Rxe3 Rxe3 31. Kxe3 Kf8 32. Kf3 Rc3+ 33. Kf4 Rxa3 34. Rxb5 Ra7 35. Ke5 Ke7 36. h5 Kd7 37. Rd5+ Kc7 38. b5 b6 39. Rd6 Ra5 40. Rc6+ Kb7 41. Kd6 Rxb5 42. Rc7+ Ka6 43. Rxf7 Rg5 44. Kc6 Rxg4 45. Rf8 Rc4+ 46. Kd5 Rc5+ 47. Ke6 Rxh5 48. Rf5 Rxf5 49. Kxf5 Kb5 50. Kg6 Kc4 0-1